000 00719nam a2200241 a 4500
001 BRCA_3918
005 20190320204456.0
008 100110s1956----mx-a######---#000-0#spa-#
041 _aspa
044 _amx
050 4 _aNA5257.A8
_b.R66 1956
100 1 _aRomero de Terreros y Vinent, Manuel
_d1880-1968.
_910181
245 1 0 _aAtlatlauhcan
_cManuel Romero de Terreros.
260 _aMéxico
_bINAH
_c1956
300 _a54 p.
_bil.
_c23 cm.
500 _aC67
600 1 4 _aSan Agustín (Monasterio: Atlatlauhcan, Morelos)
_910182
650 1 4 _aArquitectura religiosa
_zMéxico
_924
650 1 4 _aConventos y monasterios
_zMéxico
_99892
651 4 _aAtlatlauhcan, Morelos
_910183
902 _aGFM
942 _2lcc
_cB
999 _c3645
_d3645